000
00331nam a22001577a 4500
003
SGT
020
_a
9780195686524
082
_a
852,VAR
100
_a
VARMA,PROMODINI
245
_a
FLUENCY IN ENGLISH- 2
250
_a
13TH
260
_a
NEW DELHI
_b
OXFORD
_c
2017
300
_a
105
650
_a
ENGLISH
942
_2
ddc
_c
BK
_0
2
999
_c
18351
_d
18351